Das Liebesfest, (Record no. 4294)

MARC details
000 -LEADER
fixed length control field 00539cam a22001931 4500
001 - CONTROL NUMBER
control field af 48000978
003 - CONTROL NUMBER IDENTIFIER
control field DLC
005 - DATE AND TIME OF LATEST TRANSACTION
control field 20260227110846.0
008 - FIXED-LENGTH DATA ELEMENTS--GENERAL INFORMATION
fixed length control field 890523s1946 gw 000 0 ger c
010 ## - LIBRARY OF CONGRESS CONTROL NUMBER
LC control number af 48000978
035 ## - SYSTEM CONTROL NUMBER
System control number (OCoLC)19754857
040 ## - CATALOGING SOURCE
Original cataloging agency California. Univ. Libr.
Transcribing agency CU
Modifying agency CU
-- DLC
042 ## - AUTHENTICATION CODE
Authentication code premarc
050 00 - LIBRARY OF CONGRESS CALL NUMBER
Classification number PT2635.O235
Item number L5
100 1# - MAIN ENTRY--PERSONAL NAME
Personal name Rochowanski, L. W.
Fuller form of name (Leopold Wolfgang),
Dates associated with a name 1885-
245 14 - TITLE STATEMENT
Title Das Liebesfest,
Remainder of title eine Traumphantasie.
260 ## - PUBLICATION, DISTRIBUTION, ETC.
Place of publication, distribution, etc. [Coburg]
Name of publisher, distributor, etc. H. Winkler
Date of publication, distribution, etc. [1946]
300 ## - PHYSICAL DESCRIPTION
Extent 186 p.
Dimensions 19 cm.

No items available.

Powered by Koha